000 00465nab a2200145Ia 4500
003 ES-SlBCS
005 20210601133745.0
008 140529s1995 xxu||||| |||| 00| 0 por d
041 _apor
100 1 _aSampaio, Tânia Maria Marinho
_9208928
245 0 0 _aOs Níveis de Existencialidade na Sala de Aula
_c Tânia Maria Marinho Sampaio
650 0 4 _aEnseñanza
_990452
773 0 _tEducaçao e Filosofia
_gvol. 9, nº. 18, 1995, págs. 59-70
_wRev1534
942 _cAR
999 _c601621
_d601621